000 01435ncm0a2200373 4500
001 RU\NLR\ONIZ\216869
005 20250626062409.0
013 _a979-0-9003135-5-3
021 _aRU
_b15-349н
_915-21н
035 _a(NLR Aleph) 011414386
090 _a11575464
_c11575464
100 _a20170329d2015 |||y0rusy50 ca
101 0 _arus
102 _aRU
125 _aax
145 0 _ab
200 1 _aСинкопы
_bНоты
_e[для скрипки и фп.]
_fФ. Крейслер
_gперелож. для виолончели и фп. Г. Н. Самойловой
210 _aСаратов
_cСаратовский источник
_d2015
215 _a7 с., 1 парт.
606 1 _aПереложения для виолончели и фортепиано
_jНоты
_2nlr_sh
686 _aЩ955.6-42-095-058.9(4А)
_vLBC/SL
_2rubbk
700 1 _9z01790
_aКрейслер
_bФ.
_f1875-1962
_gФриц
_4230
_7ca
702 1 _9z02790
_aСамойлова
_bГ. Н.
_gГалина Николаевна
_4030
790 1 _9z01700
_aKreisler
_bF.
_f1875-1962
_gFritz
_4230
_7ba
790 1 _9z02702
_aSamojlova
_bG.
_gGalina
_4030
801 0 _aRU
_bNLR
_c20170329
_gPSBO
801 1 _aRU
_bNLR
_c20170329
_2rusmarc
801 2 _aRU
_bNLR
_c20190630
852 _aNLR
_bМ
_jК-3/28348
_pМОЭ 2015-21н/349н
_t1
852 _aNLR
_bМ
_jК-3/28348а
_pМОЭ 2015-21н/349на
_t2
942 _cSCORE
980 _aNB
980 _aONIZ